000 00355nam a2200157Ia 4500
001 22764
003 IN-NITTTR
005 20251114233256.0
008 251113s9999||||xx |||||||||||||| ||eng||
040 _beng
040 _cIN-NITTTR
041 _aeng
082 _a421.39143 S61 R
245 0 _aSuman's oxford illustrated dictionary /
942 _2ddc
_cBK
999 _c25393
_d25393